000 00246nam a22000977a 4500
008 170125b xxu||||| |||| 00| 0 eng d
041 _aeng
080 _a61
245 _aPULMONARY INSUFFICIENCY AND RESPIRATORY FAILURE
_cFILLEY, G.F
942 _2udc
_cBK
999 _c3683
_d3683